000 00722nam a2200205 u 4500
001 000243153
003 AM-YeHGA
005 20250617124826.0
008 030703s1992 ai r 000 0 arm d
020 _z5-550-00806-4
040 _aAM-YeHGA
100 1 _aԳեմբարսկի, Բոհդան
245 1 0 _aՄահվան դատապարտվածները :
_bՎիպակ = Morituri /
_cԲ. Գեմբարսկի; Լեհ. թարգմ.՝ Ա. Տեր-Ղազարյան.
246 3 1 _aMorituri
260 _aԵրևան :
_bՆաիրի,
_c1992.
300 _a116 էջ ;
_c20 սմ.
650 1 4 _aԼեհական գրականություն
_xՎիպակ
700 1 _aՏեր-Ղազարյան, Անահիտ
_eթարգմ.
_4trl
090 _c87613
999 _c86332
_d86332